000
00249nam a2200097Ia 4500
008
190216s9999||||xx |||||||||||||| ||und||
100
_a
Amaranath.T
245
0
_a
Hindi-Adhunik Hindi Basha Aur Sahithya
260
_b
Prabhakar Publications
942
_c
BK
999
_c
17002
_d
17002